000 00206 a2200073 4500
245 0 _aFizika magnitnoj zapisi /
_cKarol'kov V.G..
710 2 _aEnergija.
_eWydawca
_4pbl
260 _aMoskva :
_bEnergija,
_c1967.
300 _a247 s.;
_c25 cm.
999 _c8071
_d8071